[Event "78th UKR-ch"]
[Site "Alushta UKR"]
[Date "2009.05.19"]
[Round "9"]
[White "Mazurchak, Bohdan"]
[WhiteElo "2164"]
[Black "Labenskyi, Ihor"]
[BlackElo "2304"]
[Result "1-0"]
[EventDate "2009.05.10"]
[PlyCount "67"]

1. e4 c5 2. c3 Nf6 3. e5 Nd5 4. d4 cxd4 5. cxd4 e6 6. Nc3 d6 7. Nf3 Nc6 8. Bd3
dxe5 9. dxe5 Ndb4 10. Be4 Qxd1+ 11. Kxd1 Na6 12. a3 Nc5 13. Bc2 a6 14. b4 Nd7
15. Bf4 b5 16. Ne4 h6 17. h4 Bb7 18. Ke2 Be7 19. g4 Rc8 20. Bd3 Nb6 21. Rac1
Na4 22. Rc2 h5 23. g5 O-O 24. Rhc1 Rfd8 25. g6 f6 26. exf6 gxf6 27. Ng3 e5 28.
Be3 Nd4+ 29. Nxd4 exd4 30. Rxc8 Bxc8 31. Bxd4 Bg4+ 32. Ke3 f5 33. Nxf5 Rxd4 34.
Nxe7+ 1-0

[Event "78th UKR-ch"]
[Site "Alushta UKR"]
[Date "2009.05.19"]
[Round "9"]
[White "Andrieiev, Volodymyr"]
[WhiteElo "1950"]
[Black "Cherednichenko, Elena"]
[BlackElo "2134"]
[Result "1/2-1/2"]
[EventDate "2009.05.10"]
[PlyCount "96"]

1. e4 e5 2. Nc3 Nf6 3. Bc4 Nc6 4. d3 Bb4 5. Nf3 O-O 6. Bd2 d6 7. a3 Bc5 8. h3
Be6 9. Bg5 h6 10. Bxf6 Qxf6 11. Nd5 Bxd5 12. Bxd5 Nd8 13. Qe2 c6 14. Ba2 Ne6
15. g3 Rad8 16. c3 d5 17. exd5 cxd5 18. O-O Ng5 19. Kg2 Nxf3 20. Qxf3 Qxf3+ 21.
Kxf3 Rfe8 22. Ke2 b5 23. b4 Bb6 24. a4 bxa4 25. Bb1 Rc8 26. Ra3 a5 27. Rxa4
axb4 28. cxb4 Bd4 29. g4 Re6 30. Rd1 Rb6 31. f3 Bc3 32. Rc1 d4 33. Ba2 Rcb8 34.
Ra7 Rxb4 35. Bxf7+ Kf8 36. Rc2 Rb1 37. Kf2 Rh1 38. Kg3 g5 39. Ba2 Rg1+ 40. Kf2
Rh1 41. Kg2 Rd1 42. Re2 Rd2 43. Rxd2 Bxd2 44. Rf7+ Ke8 45. Rf6 Bf4 46. Bd5 Rb2+
47. Kf1 Rb1+ 48. Ke2 Rb2+ 1/2-1/2

[Event "78th UKR-ch"]
[Site "Alushta UKR"]
[Date "2009.05.19"]
[Round "9"]
[White "Loy, Konstantin"]
[WhiteElo "2123"]
[Black "Burdalev, Kirill"]
[BlackElo "2217"]
[Result "1/2-1/2"]
[EventDate "2009.05.10"]
[PlyCount "83"]

1. e4 e6 2. d3 d5 3. Nd2 Nf6 4. Ngf3 b6 5. c3 Be7 6. Be2 c5 7. O-O O-O 8. Re1
a5 9. Bf1 Nc6 10. Qa4 Qc7 11. e5 Nd7 12. d4 Ba6 13. a3 b5 14. Qc2 b4 15. Bxa6
Rxa6 16. Nf1 bxc3 17. bxc3 Rc8 18. Bg5 Bf8 19. Rec1 Ra7 20. Qd2 a4 21. Qf4 Na5
22. Rd1 Nb3 23. Ra2 Qa5 24. Qe3 Nb6 25. N1d2 cxd4 26. cxd4 Rc3 27. Qe1 Rc8 28.
Rb1 Qc3 29. Qd1 Qd3 30. Qf1 Qxf1+ 31. Kxf1 Rc1+ 32. Rxc1 Nxc1 33. Rc2 Nb3 34.
Rc3 Nxd2+ 35. Nxd2 h6 36. Bd8 Nd7 37. Ke2 Rb7 38. Kd3 f6 39. exf6 gxf6 40. Rc8
Kf7 41. Ra8 Bxa3 42. Rxa4 $11 1/2-1/2

[Event "78th UKR-ch"]
[Site "Alushta UKR"]
[Date "2009.05.19"]
[Round "9"]
[White "Strygin, Alexandr"]
[WhiteElo "2092"]
[Black "Baranov, Yuriy"]
[BlackElo "2173"]
[Result "1/2-1/2"]
[EventDate "2009.05.10"]
[PlyCount "49"]

1. e4 c5 2. Nf3 Nc6 3. Nc3 e6 4. d4 cxd4 5. Nxd4 Nf6 6. Ndb5 Bb4 7. a3 Bxc3+ 8.
Nxc3 d5 9. exd5 exd5 10. Bd3 O-O 11. O-O d4 12. Ne4 Bf5 13. Bg5 Bxe4 14. Bxe4
h6 15. Bxf6 Qxf6 16. Qf3 Qxf3 17. Bxf3 Rfd8 18. Rfd1 Rd7 19. Rd2 Ne5 20. Be2
Rc7 21. f4 Nc4 22. Bxc4 Rxc4 23. Rf1 Rac8 24. Rff2 a5 25. g3 1/2-1/2

[Event "78th UKR-ch"]
[Site "Alushta UKR"]
[Date "2009.05.19"]
[Round "9"]
[White "Ivanets, Serhii"]
[WhiteElo "2228"]
[Black "Varchenko, Hryhorii"]
[BlackElo "2125"]
[Result "0-1"]
[EventDate "2009.05.10"]
[PlyCount "126"]

1. e4 c5 2. c3 d6 3. d4 Nd7 4. Nf3 e6 5. Bd3 Be7 6. O-O Ngf6 7. Re1 O-O 8. Nbd2
cxd4 9. cxd4 e5 10. d5 Nc5 11. Bf1 a5 12. h3 Ne8 13. a3 f5 14. exf5 Bxf5 15.
Nc4 a4 16. Ne3 Bg6 17. Bd2 Nb3 18. Ra2 Bh4 19. Nxh4 Qxh4 20. g3 Qf6 21. Ng4 Qf7
22. Be3 Rc8 23. Bd3 Bxd3 24. Qxd3 Nc7 25. Rd1 Na6 26. Qb5 Nac5 27. Bxc5 Nxc5
28. Rf1 Qxd5 29. Raa1 Qb3 30. Qxb3+ Nxb3 31. Rad1 Nd4 32. f4 h5 33. Ne3 exf4
34. gxf4 Ne2+ 35. Kh2 Nxf4 36. Rxd6 Rce8 37. Rf3 Re4 38. Rb6 Rf7 39. Rb5 g6 40.
Kh1 Rd7 41. Nf1 h4 42. Rg5 Rdd4 43. Rg4 Kg7 44. Rxh4 Ne6 45. Rxe4 Rxe4 46. Rc3
Re1 47. Kg1 Rb1 48. Rc4 Rxb2 49. Rxa4 Ng5 50. Ne3 Nxh3+ 51. Kf1 Kf6 52. Nc4
Rf2+ 53. Ke1 Rf4 54. Rb4 Re4+ 55. Kf1 Nf4 56. Rb6+ Kg5 57. Nd6 Re3 58. a4 Ra3
59. Ne4+ Kg4 60. Nc5 Rc3 61. Nxb7 Kf3 62. Ke1 g5 63. Nd6 Rd3 0-1

[Event "78th UKR-ch"]
[Site "Alushta UKR"]
[Date "2009.05.19"]
[Round "9"]
[White "Kalinina, Olga"]
[WhiteElo "2159"]
[Black "Podolsky, Anton"]
[BlackElo "2083"]
[Result "1/2-1/2"]
[EventDate "2009.05.10"]
[PlyCount "34"]

1. e4 e5 2. Bc4 Nf6 3. Qe2 Bc5 4. Nf3 d6 5. c3 Nc6 6. d3 O-O 7. h3 Be6 8. Bb3
h6 9. Nbd2 Re8 10. Nf1 d5 11. Ng3 a5 12. Nh2 Qd7 13. Qf3 Rad8 14. O-O dxe4 15.
dxe4 Qd3 16. Bxe6 Rxe6 17. Be3 Bxe3 1/2-1/2

[Event "78th UKR-ch"]
[Site "Alushta UKR"]
[Date "2009.05.19"]
[Round "9"]
[White "Berezka, Alexandr"]
[WhiteElo "2150"]
[Black "Matviychuk, Olexandr"]
[BlackElo "2149"]
[Result "1-0"]
[EventDate "2009.05.10"]
[PlyCount "89"]

1. d4 Nf6 2. c4 e6 3. Nf3 d5 4. Bg5 Nbd7 5. e3 c6 6. Nc3 Qa5 7. Nd2 Bb4 8. Qc2
dxc4 9. Bxf6 Nxf6 10. Nxc4 Qc7 11. a3 Be7 12. Be2 O-O 13. O-O a6 14. Rac1 c5
15. dxc5 Qxc5 16. Na4 Qa7 17. Ncb6 Rb8 18. Nxc8 Rbxc8 19. Qxc8 Rxc8 20. Rxc8+
Bf8 21. Rd1 Nd5 22. e4 Nf4 23. Rdd8 g5 24. Ra8 Nxe2+ 25. Kf1 Qxa8 26. Rxa8 Nd4
27. Nc5 Kg7 28. Nxb7 Be7 29. Rxa6 Bf6 30. Nc5 h5 31. Nd3 g4 32. b4 h4 33. h3 g3
34. a4 Nc2 35. Rc6 Nd4 36. Rc4 Nb3 37. Ke2 gxf2 38. Nxf2 Nd4+ 39. Kd3 e5 40.
Ng4 Ne6 41. Nxf6 Nf4+ 42. Ke3 Kxf6 43. Kf3 Kg5 44. a5 Nd3 45. a6 1-0

[Event "78th UKR-ch"]
[Site "Alushta UKR"]
[Date "2009.05.19"]
[Round "9"]
[White "Zaichuk, Vitalii"]
[WhiteElo "2038"]
[Black "Borzov, Dmytro"]
[BlackElo "2209"]
[Result "0-1"]
[EventDate "2009.05.10"]
[PlyCount "90"]

1. e4 d6 2. d4 Nf6 3. Nc3 g6 4. f4 Bg7 5. Nf3 O-O 6. Bd3 Na6 7. O-O c5 8. d5
Rb8 9. f5 Nc7 10. fxg6 hxg6 11. Qe1 b5 12. Qh4 Re8 13. Bh6 Bh8 14. Ng5 e6 15.
dxe6 Bxe6 16. Nxe6 Rxe6 17. Bg5 c4 18. Be2 Nce8 19. Nd5 Rxe4 20. Qf2 Re5 21.
Nxf6+ Bxf6 22. Bxf6 Nxf6 23. Rae1 Kg7 24. Qxa7 Ra8 25. Qd4 Rxa2 26. g4 Qe7 27.
h4 Re4 28. Qc3 Qe5 29. g5 Qxc3 30. bxc3 Nd7 31. h5 gxh5 32. Bxh5 Rxe1 33. Rxe1
Rxc2 34. Re3 Ne5 35. Rg3 Rd2 36. Kf1 Rh2 37. Be2 Kg6 38. Bd1 Rd2 39. Ke1 Rb2
40. Be2 b4 41. cxb4 Rxb4 42. Bd1 Rb2 43. Be2 d5 44. Re3 Kf5 45. Bf3 d4 0-1

[Event "78th UKR-ch"]
[Site "Alushta UKR"]
[Date "2009.05.19"]
[Round "9"]
[White "Kuchin, Pavel"]
[WhiteElo "2001"]
[Black "Arkhipov, Vladimir"]
[BlackElo "2183"]
[Result "1-0"]
[EventDate "2009.05.10"]
[PlyCount "111"]

1. e4 c6 2. d4 d5 3. Nc3 g6 4. h3 Bg7 5. Nf3 Nf6 6. e5 Ne4 7. Nxe4 dxe4 8. Nh2
c5 9. Bb5+ Nc6 10. Bxc6+ bxc6 11. c3 Ba6 12. f3 e6 13. Be3 Qh4+ 14. Bf2 Qg5 15.
Ng4 h5 16. Be3 Qh4+ 17. Nf2 Qg3 18. Rg1 Rd8 19. Qa4 Bb5 20. Qc2 exf3 21. Qe4
Rd5 22. O-O-O Bxe5 23. gxf3 f5 24. Rxg3 fxe4 25. Rxg6 Kf7 26. Rgg1 cxd4 27.
cxd4 Bc7 28. fxe4 Rd7 29. b3 Bb6 30. a4 Ba6 31. Rg5 Rhd8 32. Rxh5 Bxd4 33. Bxd4
Rxd4 34. Rxd4 Rxd4 35. Kc2 Rd7 36. Rh7+ Ke8 37. Rh8+ Ke7 38. Kc3 Kf6 39. Rh5
Be2 40. Rc5 Rc7 41. Kd4 Rb7 42. Kc3 Rb6 43. b4 Rb7 44. Kd2 Bf1 45. Ng4+ Ke7 46.
Kc3 Kd6 47. e5+ Ke7 48. h4 Bg2 49. Rc4 a6 50. Nf6 Kf7 51. Rg4 Bf3 52. Rg8 Rc7
53. h5 c5 54. b5 axb5 55. axb5 Rb7 56. h6 1-0

[Event "78th UKR-ch"]
[Site "Alushta UKR"]
[Date "2009.05.19"]
[Round "9"]
[White "Pylyposian, Mikael"]
[WhiteElo "1988"]
[Black "Harnazhenko, Dmytro"]
[BlackElo "1890"]
[Result "1-0"]
[EventDate "2009.05.10"]
[PlyCount "61"]

1. e4 c5 2. c3 g6 3. d4 cxd4 4. cxd4 d5 5. Nc3 dxe4 6. Bc4 Nf6 7. Qb3 e6 8. d5
exd5 9. Nxd5 Nxd5 10. Bxd5 Qe7 11. Bd2 Nd7 12. Qa4 f5 13. Rc1 Bg7 14. Rc2 Qd6
15. Bc4 a6 16. Bb4 Qf6 17. Ne2 Rb8 18. Bd5 b5 19. Qb3 Ne5 20. O-O Bd7 21. Rd1
Nd3 22. Ba5 Rc8 23. Rxc8+ Bxc8 24. Qc2 Bd7 25. Qc7 Ke7 26. Bc3 Qh4 27. g3 Qh5
28. Rxd3 exd3 29. Bb4+ Kf6 30. Qd6+ Kg5 31. Bd2+ 1-0